000 00680nam a2200253Ia 4500
003 OSt
005 20220918192126.0
006 a|||||r|||| 00| 0
007 ta
008 220917b |||||||| |||| 00| 0 eng d
024 _a67,099
037 _cTextual
040 _aARTS
_cARTS
_beng
041 _2eng
_aeng
082 _aR3xM891:g, L3
100 _aMoran John
_978392
245 0 _aToward the world and vision of Wittgenstein's tractatus
260 _aHague
_bMouten
_c1973
300 _a126p.
_ccm.
490 _aStudies in philosophy; 26
500 _aBib 119-20p
942 _hR3xM891:g, L3
_cTEXL
_2CC
999 _c193332
_d193332